|
|
|
|
| LEADER |
01643cas a2200241 a 4500 |
| 001 |
AALejournalIMF009507 |
| 008 |
230101c9999 xx r poo 0 0eng d |
| 020 |
|
|
|c 5.00 USD
|
| 020 |
|
|
|z 9781451839708
|
| 022 |
|
|
|a 1934-7685
|
| 040 |
|
|
|a BD-DhAAL
|c BD-DhAAL
|
| 110 |
2 |
|
|a International Monetary Fund.
|
| 245 |
1 |
0 |
|a United States :
|b Information Note on the United States' Fiscal Data.
|
| 264 |
|
1 |
|a Washington, D.C. :
|b International Monetary Fund,
|c 2007.
|
| 300 |
|
|
|a 1 online resource (21 pages)
|
| 490 |
1 |
|
|a IMF Staff Country Reports
|
| 500 |
|
|
|a <strong>Off-Campus Access:</strong> No User ID or Password Required
|
| 500 |
|
|
|a <strong>On-Campus Access:</strong> No User ID or Password Required
|
| 506 |
|
|
|a Electronic access restricted to authorized BRAC University faculty, staff and students
|
| 520 |
3 |
|
|a This paper reports on a pilot study to present the United States fiscal data in a manner consistent with the Government Finance Statistics Manual (GFSM 2001). The study incorporates cash and accrual source data in a consistent and harmonized statistical framework, enhancing the accuracy and transparency of fiscal data. The paper presents a general discussion of the source data and the institutional coverage used in the U.S. pilot study. It describes the main results of the pilot, and suggests further work to improve the fiscal statistics in accordance with the GFSM 2001 framework.
|
| 538 |
|
|
|a Mode of access: Internet
|
| 830 |
|
0 |
|a IMF Staff Country Reports; Country Report ;
|v No. 2007/266
|
| 856 |
4 |
0 |
|z Full text available on IMF
|u http://elibrary.imf.org/view/journals/002/2007/266/002.2007.issue-266-en.xml
|z IMF e-Library
|